Chemical properties of organic compounds : an introduction /

Bibliographic Details
Main Author: Marvell, Elliot Nelson, 1922-
Other Authors: Logan, Albert V.
Format: Book
Language:English
Published: New York : Wiley, [1955]
Subjects:

MARC

Tag First Indicator Second Indicator Subfields
LEADER 00000cam a2200000 4500
001 in00000052682
005 20151007072208.0
008 750819s1955 nyua 00010 eng u
010 |a  55009773  
035 |a (OCoLC)01559483 
035 |9 AAE7415AM 
040 |c FBA  |d TXA  |d UtOrBLW 
049 |a TXAM  |c 1 [261124]  
050 0 0 |a QD251  |b .M22 
082 0 |a 547 
092 |a 547  |b M391c 
100 1 |a Marvell, Elliot Nelson,  |d 1922- 
245 1 0 |a Chemical properties of organic compounds :  |b an introduction /  |c [by] Elliot N. Marvell [and] Albert V. Logan. 
264 1 |a New York :  |b Wiley,  |c [1955] 
300 |a 326 pages :  |b illustrations ;  |c 24 cm. 
336 |a text  |b txt  |2 rdacontent 
337 |a unmediated  |b n  |2 rdamedia 
338 |a volume  |b nc  |2 rdacarrier 
650 0 |a Chemistry, Organic. 
700 1 |a Logan, Albert V. 
999 |a MARS 
999 f f |s 6b6f63a0-d5a3-308b-af96-779984e68037  |i e5debe6a-0340-3e6b-8ddf-55e6d48a9fc1  |t 0 
952 f f |p ric  |a Texas A&M University  |b Rellis Campus  |c Joint Library Facility  |d Remote Storage  |t 0  |e QD251 .M22  |h Library of Congress classification  |i unmediated -- volume  |m A14800943132 
998 f f |a QD251 .M22  |t 0  |l Remote Storage